Obálka Náhled e-knihy:
PDF Epub
Pro půjčování e-knih musíte být přihlášeni.
Jak si půjčit online?

Dusty. Beze stopy /

Další kniha ze série napínavých příběhů o psovi Dustym.

Uloženo v:
Série:Dusty, část 7
Hlavní autor: Andersen, Jan, 1956- (Autor)
Další autoři: Kadlecová, Eva, 1984- (Autor)
Médium: E-kniha
Jazyk:Czech
Vydáno: V Brně : CPress, 2022
Vydání:1. vydání
Témata:
Příbuzné jednotky:Z cyklu:: Dusty
Tagy:
Žádné tagy
LEADER 02319nam a2200517 i 4500
001 311604
003 CZ PrSKC
005 20260601215708.0
007 ta
008 220715s2022 xr c 000 j cze
015 |a cnb003436048 
020 |a 9788026442912  |q (vázáno) :  |c Kč 249,00 
035 |a (OCoLC)1344358660 
040 |a ABG001  |b cze  |d ABA001  |e rda 
041 1 |a cze  |h ger 
072 7 |a 821.112.2-3  |x Německá próza, německy psaná  |2 Konspekt 
072 7 |a 821-93  |x Literatura pro děti a mládež (beletrie)  |2 Konspekt 
080 |a 821.112.2-32  |2 MRF 
080 |a 821-93  |2 MRF 
080 |a (0:82-32)  |2 MRF 
100 1 |a Andersen, Jan,  |d 1956-  |7 xx0219469  |4 aut 
240 1 0 |a Dusty - spurlos verschwunden.  |l Česky 
245 1 0 |a Dusty.  |p Beze stopy /  |c Jan Andersen ; z německého originálu Dusty - spurlos verschwunden ... přeložila Eva Kadlecová 
246 1 |i Název v tiráži:  |a Dusty - Beze stopy 
246 3 0 |a Beze stopy 
250 |a 1. vydání 
264 1 |a V Brně :  |b CPress,  |c 2022 
300 |a 155 stran ;  |c 21 cm 
336 |a text  |b txt  |2 rdacontent 
337 |a bez média  |b n  |2 rdamedia 
338 |a svazek  |b nc  |2 rdacarrier 
520 2 |a Další kniha ze série napínavých příběhů o psovi Dustym.  |b Pavel neví, co si počít: Zašel si jen nakoupit do obchodu a Dusty mezitím beze stopy zmizel. Sám by nikdy jen tak neutekl, tím si je Pavel jistý. Nakladatelská anotace. Kráceno. 
521 8 |a Pro čtenáře od 9 let 
546 |a Český text 
655 7 |a německé příběhy  |7 fd132944  |2 czenas 
655 7 |a publikace pro děti  |7 fd133156  |2 czenas 
655 9 |a German stories  |2 eczenas 
655 9 |a children's literature  |2 eczenas 
700 1 |a Kadlecová, Eva,  |d 1984-  |7 xx0103153  |4 trl 
787 0 8 |i Z cyklu:  |t Dusty  |g 7 
900 |a ABA001  |b 20 
928 9 |a Albatros Media - CPress 
044 |a xr 
910 |a RBIT002 
998 |d 356704  |a https://core.palmknihy.cz/api/books/356704/cover?si7xq0  |b https://core.palmknihy.cz/api/books/356704/cover/400?si7xq0  |c https://core.palmknihy.cz/api/books/356704/cover/50?si7xq0  |e 2026-06-15  |g 160  |i 9788026442912  |j https://core.palmknihy.cz/api/books/356704/preview.epub  |k https://core.palmknihy.cz/api/books/356704/preview.pdf  |l   |q 49  |r 1  |s https://www.palmknihy.cz/kniha/356704  |t ebook  |y 2022  |z 0  |v Dusty  |w 7 
999 |d 311602